Quiz o Chivasie! - Statystyki

Ogólne statystyki
  • Ten quiz został rozwiązany 15 razy
  • Średni wynik to 10 z 15
Statystyki odpowiedzi
Zagadnienie Odpowiedź % Poprawnych
która z tych piosenek NIE należy do chivasa (lub chivasa na feacie) chce twoje zarazki
86%
jak nazywa sie narzeczona chivasa? Laura
86%
który z tych numerów chivas miał nigdy nie wydać ale jednak to zrobił to nasza piosenka
86%
z któym z tych artystów chivas nigdy nie nagrał numeru young igi
86%
jakiego dnia i miesiąca wyszedł singiel "póki jesteś" 16 lipca
71%
ile albumów wydał chivas ( EP są zaliczane) na stan 16.05.26 5
71%
jaki jest ulubiony zespół muzyczny chivasa Bring Me The Horizon
71%
w którym roku urodził sie chivas 1998
64%
który z tych numerów został nagrany ze Szpakiem na zawsze
64%
podaj pełną datę urodzenia chivasa 23.04 czwartek 16:04
57%
na jakiej ulicy znajdowało sie liceum do którego uczęsczał chivas pomorska
57%
na której płycie szpaka chivas wystąpił chociaż raz różowa pantera
57%
u kogo na feacie był chivas w pierwszym oficjalnym numerze blacha 2115
43%
którego z tych artystów nominował chivas do hot16 challange2 michał wiśniewski
43%
jakie są ulubione słodycze chivasa milka mmmax (ta największa)
43%
Nie znaleziono quizów pasujących do podanych kryteriów
Rozkład punktacji
Procent ludzi z każdym wynikiem
Percentyl według liczby udzielonych odpowiedzi
Twoja historia wyników
Nie rozwiązałeś tego quizu